Staré řecké báje a pověsti /
Staré řecké báje a pověsti převyprávěla autorka tak, aby jim snadno porozuměly i malé děti. Audiokniha ve formátu MP3 je ideální na cesty autem, jako pohádka před spaním nebo pro přípravu do školy. Příjemný poslech!
Uloženo v:
| Hlavní autor: | |
|---|---|
| Médium: | E-audiokniha |
| Vydáno: |
Praha :
Albatros Media a.s.,
2000
|
| Tagy: |
Žádné tagy |
| LEADER | 01749nim a22003857i 4500 | ||
|---|---|---|---|
| 001 | 305238 | ||
| 007 | sr nunnnnnnned | ||
| 024 | |a 8594155752881 | ||
| 044 | |a xr | ||
| 100 | 1 | |a Eisler, Jaroslav |4 aut | |
| 245 | 1 | 0 | |a Staré řecké báje a pověsti / |c Eisler, Jaroslav |
| 264 | 1 | |a Praha : |b Albatros Media a.s., |c 2000 | |
| 300 | |a 1 online zdroj (2 hod., 10 min., 0 sek.) | ||
| 336 | |a mluvené slovo |b spw |2 rdacontent | ||
| 337 | |a audio |b s |2 rdamedia | ||
| 338 | |a online zdroj |b cr |2 rdacarrier | ||
| 505 | 0 | 0 | |t Prométheus (10 min., 0 sek.) |
| 505 | 0 | 0 | |t Hérakles (9 min., 23 sek.) |
| 505 | 0 | 0 | |t Héraklovy úkoly (5 min., 24 sek.) |
| 505 | 0 | 0 | |t Hérakles v nebezpečí (11 min., 28 sek.) |
| 505 | 0 | 0 | |t Hérakles a královské dcery (9 min., 58 sek.) |
| 505 | 0 | 0 | |t Faethón (5 min., 58 sek.) |
| 505 | 0 | 0 | |t Tantalos (4 min., 54 sek.) |
| 505 | 0 | 0 | |t Pelops (7 min., 2 sek.) |
| 505 | 0 | 0 | |t Perseus (13 min., 18 sek.) |
| 505 | 0 | 0 | |t Daidalos a Ikaros (7 min., 16 sek.) |
| 505 | 0 | 0 | |t Théseus (9 min., 27 sek.) |
| 505 | 0 | 0 | |t Sisyfos (5 min., 43 sek.) |
| 505 | 0 | 0 | |t Filemon a Baucis (5 min., 35 sek.) |
| 505 | 0 | 0 | |t Potopa (6 min., 52 sek.) |
| 520 | 2 | |a Staré řecké báje a pověsti převyprávěla autorka tak, aby jim snadno porozuměly i malé děti. Audiokniha ve formátu MP3 je ideální na cesty autem, jako pohádka před spaním nebo pro přípravu do školy. Příjemný poslech! | |
| 910 | |a RBIT002 | ||
| 998 | |d 427511 |a https://core.palmknihy.cz/api/books/427511/cover?tfvcjr |b https://core.palmknihy.cz/api/books/427511/cover/400?tfvcjr |c https://core.palmknihy.cz/api/books/427511/cover/50?tfvcjr |e 2060-01-28 |i 8594155752881 |l 7800 |q 49 |r 1 |s https://www.palmknihy.cz/kniha/427511 |t audiobook |y 2000 |z 1 | ||
| 999 | |d 305236 | ||